| 000 | 01436nam a2200385Ia 4500 | ||
|---|---|---|---|
| 001 | dia_3102 | ||
| 003 | CHAP | ||
| 005 | 20231123111625.0 | ||
| 007 | ta | ||
| 008 | 220117s1987 mx ado fr 001 0 spa d | ||
| 010 | _a173601 | ||
| 020 | _a968-451-993-1 | ||
| 040 |
_cCHAP _amxchpua |
||
| 050 | 1 |
_aQA76.73.B3 _b.G68 1987 |
|
| 082 |
_a005.133 _bG68 1987 _220 |
||
| 100 | 1 |
_aGottfried, Byron S. _950086 _eautor |
|
| 240 | 1 | 0 |
_aSchaum's Outline of theory and problems of programming with BASIC, including microcomputer BASIC. _lEspañol |
| 245 | 1 | 0 |
_aTeoría y problemas de programación BASIC : _bincluye BASIC para microcomputador / _cByron S. Gottfried ; traductor Angel Segado Bernal |
| 250 | _a3a edición | ||
| 264 |
_aMéxico : _bMcGraw-Hill, _c1987 |
||
| 300 |
_a398 páginas : _bilustraciones, gráficas, diagramas, tablas, fotos |
||
| 336 |
_2rdacontent _atexto _btxt |
||
| 337 |
_2rdamedia _asin medio _bn |
||
| 338 |
_2rdacarrier _avolumen _bnc |
||
| 490 | 1 | _aSerie de Compendios Schaum (McGraw-Hill) | |
| 650 | 1 | 0 |
_aBASIC (Lenguaje de programación para computadora) _9154062 |
| 650 | 1 | 0 |
_aBASIC (Computer program language) _9154061 |
| 700 | 1 |
_aSegado Bernal, Ángel _9154063 _etraductor |
|
| 830 |
_9104695 _aSerie de Compendios Schaum (McGraw-Hill) |
||
| 901 | _a005.133 G68 1987 | ||
| 902 | _aM | ||
| 905 | _a5232271987 mx adin8222223322SPA16 | ||
| 942 | _2ddc | ||
| 942 | _cLIBRO | ||
| 999 |
_c173601 _d173601 |
||